Största städerna på K i Nordamerika, enligt bild - Statistics

General Stats
  • This quiz has been taken 2 times
  • The average score is 7 of 20
Answer Stats
Picture Hint Answer % Correct
🇺🇸 510 000 {Kansas} City
100%
🇺🇸 150 000 {Kansas} City
100%
🇯🇲 580 000 Kingston
100%
🇨🇦 130 000 Kingston
100%
🇺🇸 70 000 Kalamazoo
50%
🇨🇦 90 000 Kamloops
50%
🇺🇸 100 000 Kenosha
50%
🇺🇸 200 000 Knoxville
50%
🇺🇸 60 000 Kokomo
50%
🇲🇽 140 000 Kanasín
0%
🇨🇦 140 000 Kanata
0%
🇨🇦 180 000 Kelowna
0%
🇺🇸 80 000 Kendall
0%
🇺🇸 60 000 Kenner
0%
🇺🇸 80 000 Kennewick
0%
🇺🇸 130 000 Kent
0%
🇺🇸 160 000 Killeen
0%
🇺🇸 90 000 Kirkland
0%
🇺🇸 80 000 Kissimmee
0%
🇨🇦 520 000 Kitchener
0%
No matching quizzes found
Score Distribution
Percent of People with Each Score
Percentile by Number Answered
Your Score History
You have not taken this quiz